00854nim a2200265 i 4500001000400000100001600004245009300020260004900113300001800162490001500180650002100195655002900216700003500245700003000280830001500310020001500325040000800340041000800348920001800356942000700374008004100381999001700422856009800439952005100537bgj1 aGUDE, Kathy10aMatrix :bpre-intermediate : plus /cKathy Gude ; Michael Duckworth ; with Danuta Gryca. aOxford :bOxford University Press,cc. 2005. aset of 2 CDs.1 aNew Matura 9aEnglish language aTextbooks for foreigners1 aDUCKWORTH, Michael.eco-author1 aGRYCA, Danuta.eco-author aNew Matura a0194630080 cBPK0 aeng a0-19-463008-0 cCD s uk f |000 0 eng  c41216d41216 uhttp://koha.tu.koszalin.pl/cgi-bin/koha/opac-detail.pl?biblionumber=41216yKatalog online BPK 00104070aBPKbBPKcwoCDA 164p09047297yCD